000 006650000a22001690004500
003 MACL
005 20160219120912.0
008 160219b xxu||||| |||| 00| 0 eng d
040 _aMACL
_cMACL
041 _aHindi
082 _a370/MAN
245 _aबुनियादी शिक्षा संदर्शिका
_bबुनियादी स्‍कूलों के अध्‍यापकों के लिए
260 _bशिक्षा और वैज्ञानिक अनुसंधान मंत्रालय
_c1957
_aनई दिल्‍ली
350 _a2.87
650 _aEducation
_939003
942 _cHIN
_k370
_2ddc
999 _c24754
_d24754